00272nam a2200109Ia 4500003000400000008004100004100001800045245004100063260003200104300000800136650001800144OSt191201s2007 xx 000 0 und d aRONHUBBARD, L 0aDianetics the Evolution of a Science aN. delhibHubbard Pubc2007 a213 aGeneral Books